000 00795nam a22002057a 4500
999 _c5844
_d5844
003 AR-CdUCM
008 190313b ||||| |||| 00| 0 spa d
040 _aMUNICIPALIDAD PROVINCIAL DEL CUSCO
_cBIBLIOTECA MUNICIPAL DEL CUSCO
082 _22da.
_a180 /
_bD76
100 _aDilthey, Wilhelm
_911114
245 _aTeoria de la Concepcion del Mundo /
260 _aMéxico :
_bFondo de Cultura Economica ,
_c1954.
300 _a420 páginas ;
_c23.5 cm.
505 _aContenido : La conciencia hsitorica y la concepcion del mundo -- Filosofia -- La Escencia de la Filosofia -- Arte -- Religion -- Apendices...
650 _aHistoria de la Fílosofia
_97367
650 _aConcepcion del Mundo Filosófico
_917285
650 _aFundacion Psicológica
_917286
942 _2ddc
_cLIBROS
945 _artm